|
|
|
|
| LEADER |
01268nam a2200277 a 4500 |
| 001 |
15643095 |
| 008 |
120805s2009 enka fb 001 0 eng d |
| 010 |
|
|
|a 2009008867
|
| 020 |
|
|
|a 9781405154895 (hardcover : alk. paper)
|
| 020 |
|
|
|a 1405154896 (hardcover : alk. paper)
|
| 020 |
|
|
|a 9781444350029
|
| 040 |
|
|
|a DLC
|c DLC
|d YDXCP
|d BTCTA
|d BWKUK
|d BWK
|d BWX
|d CDX
|d NLGGC
|d DLC
|d BD-DhAAL
|
| 082 |
0 |
0 |
|a 418.0071
|2 22.
|
| 245 |
0 |
4 |
|a The handbook of language teaching /
|c edited by Michael H. Long and Catherine J. Doughty.
|
| 260 |
|
|
|a Chichester, U.K. ;
|a Malden, MA :
|b Wiley-Blackwell,
|c 2009.
|
| 300 |
|
|
|a xix, 803 p. :
|b ill. ;
|c 26 cm.
|
| 490 |
1 |
|
|a Blackwell handbooks in linguistics.
|
| 500 |
|
|
|a Includes bibliographical references and indexes.
|
| 541 |
|
|
|e 00025849
|
| 650 |
|
0 |
|a Language and languages
|x Study and teaching
|v Handbooks, manuals, etc.
|
| 650 |
|
0 |
|a Second language acquisition
|v Handbooks, manuals, etc.
|
| 700 |
1 |
|
|a Long, Michael H.
|
| 700 |
1 |
|
|a Doughty, Catherine.
|
| 852 |
4 |
|
|a Ayesha Abed Library
|j General shelf.
|
| 999 |
|
|
|c 12714
|d 12714
|
| 952 |
|
|
|0 0
|1 0
|4 0
|6 418_007100000000000_HAN
|7 0
|9 20955
|a BRACUL
|b BRACUL
|c GEN
|d 2012-08-06
|e Trust Line International
|g 18635.00
|l 3
|m 23
|o 418.0071 HAN
|p 3010025849
|r 2017-11-06
|s 2017-05-16
|t 1
|w 0000-00-00
|y BK
|x Available
|